000 02084nam a2200409 a 4500
001 ebr10680950
003 CaPaEBR
006 m u
007 cr cn|||||||||
008 090310s2009 nyu sbr 001 0 eng d
010 _z 2009010240
020 _z9781607413677 (hardcover : alk. paper)
020 _z1607413671 (hardcover : alk. paper)
020 _z9781617283703 (e-book)
040 _aCaPaEBR
_cCaPaEBR
035 _a(OCoLC)662452574
043 _ad------
050 1 4 _aGE20
_b.O95 2009eb
082 0 4 _a333.7079
_222
100 1 _aOwino, Alfred O.
245 1 0 _aDirectory of conservation funding sources for developing countries
_h[electronic resource] :
_bconservation biology, education and training, fellowships and scholarships /
_cAlfred O. Owino and Joseph O. Oyugi.
260 _aNew York :
_bNova Science Publishers,
_cc2009.
300 _axviii, 189 p.
490 1 _aEnvironmental science, engineering and technology series
504 _aIncludes bibliographical references and index.
505 0 _asection 1. Broader research, socio-economic and development programmes -- section 2. Education, training, fellowships and scholarships -- section 3. Ecological, environmental and conservation research -- section 4. General funding sources.
533 _aElectronic reproduction.
_bPalo Alto, Calif. :
_cebrary,
_d2013.
_nAvailable via World Wide Web.
_nAccess may be limited to ebrary affiliated libraries.
650 0 _aEnvironmental agencies
_zDeveloping countries
_vDirectories.
650 0 _aConservation of natural resources
_zDeveloping countries
_xFinance
_vDirectories.
650 0 _aEnvironmental protection
_zDeveloping countries
_xFinance
_vDirectories.
650 0 _aCharitable uses, trusts, and foundations
_vDirectories.
655 7 _aElectronic books.
_2local
700 1 _aOyugi, Joseph O.
710 2 _aebrary, Inc.
830 0 _aEnvironmental science, engineering and technology series.
856 4 0 _uhttp://site.ebrary.com/lib/rucke/Doc?id=10680950
_zAn electronic book accessible through the World Wide Web; click to view
999 _c60319
_d60319